Philosophy and science in phenomenological perspective / (Record no. 122119)
[ view plain ]
| 000 -LEADER | |
|---|---|
| fixed length control field | 01279pam a2200289 a 4500 |
| 001 - CONTROL NUMBER | |
| control field | 4258406 |
| 003 - CONTROL NUMBER IDENTIFIER | |
| control field | ARRUPE |
| 005 - DATE AND TIME OF LATEST TRANSACTION | |
| control field | 20150218141314.0 |
| 008 - FIXED-LENGTH DATA ELEMENTS--GENERAL INFORMATION | |
| fixed length control field | 840104s1984 ne b 101 0 eng |
| 010 ## - LIBRARY OF CONGRESS CONTROL NUMBER | |
| LC control number | 84001463 |
| 020 ## - INTERNATIONAL STANDARD BOOK NUMBER | |
| International Standard Book Number | 902472922X |
| 040 ## - CATALOGING SOURCE | |
| Original cataloging agency | DLC |
| Transcribing agency | DLC |
| Modifying agency | DLC |
| 050 00 - LIBRARY OF CONGRESS CALL NUMBER | |
| Classification number | B829.5 |
| Item number | .P49 1984 |
| 082 00 - DEWEY DECIMAL CLASSIFICATION NUMBER | |
| Classification number | 142/.7 |
| Edition number | 19 |
| 300 ## - PHYSICAL DESCRIPTION | |
| Dimensions | 25 cm. |
| 100 ## - MAIN ENTRY--PERSONAL NAME | |
| Personal name | Cho, Kah Kyung |
| 9 (RLIN) | 15357 |
| 245 00 - TITLE STATEMENT | |
| Title | Philosophy and science in phenomenological perspective / |
| Statement of responsibility, etc | edited by Kah Kyung Cho. |
| 260 ## - PUBLICATION, DISTRIBUTION, ETC. (IMPRINT) | |
| Place of publication, distribution, etc | Dordrecht ; |
| -- | Boston : |
| Name of publisher, distributor, etc | M. Nijhoff ; |
| Place of publication, distribution, etc | Hingham, MA : |
| Name of publisher, distributor, etc | Distributors for the United States and Canada, Kluwer Academic Publishers, |
| Date of publication, distribution, etc | 1984. |
| 300 ## - PHYSICAL DESCRIPTION | |
| Extent | xxiii, 252 p. ; |
| 440 #0 - SERIES STATEMENT/ADDED ENTRY--TITLE | |
| Title | Phaenomenologica ; |
| Volume number/sequential designation | 95 |
| 9 (RLIN) | 15355 |
| 500 ## - GENERAL NOTE | |
| General note | "Articles included in this volume originate from contributions to the International Conference on Philosophy and Science in Phenomenological Perspective, held in Buffalo in March 1982"--Pref. |
| 504 ## - BIBLIOGRAPHY, ETC. NOTE | |
| Bibliography, etc | Includes bibliographical references and indexes. |
| 650 #0 - SUBJECT ADDED ENTRY--TOPICAL TERM | |
| Topical term or geographic name as entry element | Phenomenology |
| General subdivision | Congresses. |
| 9 (RLIN) | 15356 |
| 700 1# - ADDED ENTRY--PERSONAL NAME | |
| Personal name | Cho, Kah Kyung. |
| 9 (RLIN) | 15357 |
| 711 2# - ADDED ENTRY--MEETING NAME | |
| Meeting name or jurisdiction name as entry element | International Conference on Philosophy and Science in Phenomenological Perspective |
| Date of meeting | (1982 : |
| Location of meeting | Buffalo, N.Y.) |
| 9 (RLIN) | 15358 |
| 906 ## - LOCAL DATA ELEMENT F, LDF (RLIN) | |
| a | 7 |
| b | cbc |
| c | orignew |
| d | 1 |
| e | ocip |
| f | 19 |
| g | y-gencatlg |
| 942 ## - ADDED ENTRY ELEMENTS (KOHA) | |
| Source of classification or shelving scheme | Library of Congress Classification |
| Koha item type | Monograph ( Printed materials) |
| Withdrawn status | Lost status | Source of classification or shelving scheme | Damaged status | Not for loan | Collection code | Home library | Current library | Shelving location | Date acquired | Total Checkouts | Full call number | Barcode | Date last seen | Price effective from | Koha item type |
|---|---|---|---|---|---|---|---|---|---|---|---|---|---|---|---|
| Library of Congress Classification | Main Collection | ARRUPE LIBRARY | ARRUPE LIBRARY | Main Collection | 18/02/2015 | B829.5 .P49 1984 | 46500002923 | 18/02/2015 | 18/02/2015 | Monograph ( Printed materials) |